| 000 | 00764cam a2200241 a 4500 | ||
|---|---|---|---|
| 001 | 651850 | ||
| 005 | 20180315084745.0 | ||
| 008 | 940414s1994 dcua bf 001 0 eng | ||
| 010 | _a 94011498 | ||
| 020 | _a1557982430 (alk. paper) | ||
| 020 | _a1557982414 (pbk. : alk. paper) | ||
| 040 |
_aDLC _cDLC _dDLC _dWaU |
||
| 041 | _aeng | ||
| 080 | _a808.06615 WAS | ||
| 082 | 0 | 0 |
_a808.06615 WAS _220 |
| 100 | _a25 | ||
| 101 | _aEDU | ||
| 245 | 0 | 0 | _aPublication manual of the American Psychological Association. |
| 504 | _aIncludes bibliographical references (p. 319-330) and index. | ||
| 906 |
_a7 _bcbc _corignew _d1 _eocip _f19 _gy-gencatlg |
||
| 942 |
_2ddc _cBK |
||
| 999 |
_c45145 _d45145 |
||